00721nam a22001937a 4500003000500000005001700005008004100022010001000063011001000073035001000083040000900093100003500102245016100137260004100298300002200339502009600361650003400457650003600491CHAP20220329135753.0971013s1977 r 00010 d a41823 a42795 a46924 cCHAP00aMurra Talamás, Juan Antonio. aEstudio sobre el mercado de carne, características del consumidor y posibilidad de introducir un sistema de gradeo en el área metropolitana de Monterrey a(Monterrey, N.L.) :bEl autor,c1977 a134 h.b; gráfs aTesis (Ing. Agrónomo Administrador) -- ITESM. Div de Ciencias Agropecuarias y Marítimas14aCarnexConsumoxNuevo León.14aCarnexMercadeoxMonterrey, NL.